000 00281nam a2200109Ia 4500
008 220204s9999 xx 000 0 und d
082 _a631.452
_bHAU
100 _aHauser, G F
245 0 _aSoil fertility investigations on farmers' fields
260 _aRome
_bFAO
_c1970
942 _cBK
999 _c41001
_d41001